|
|
|
|
| LEADER |
01116nam a2200253 a 4500 |
| 008 |
090531s1998 enkab b 001 0 eng d |
| 020 |
|
|
|a 0471971669
|
| 020 |
|
|
|a 0471970379
|
| 020 |
|
|
|a 0471971669(pbk)
|
| 082 |
0 |
0 |
|a 621.382/5
|2 21
|
| 100 |
1 |
|
|a Maral, Gérard.
|
| 240 |
1 |
0 |
|a Systèmes de télecommunications par satellites.
|l English
|
| 245 |
1 |
0 |
|a Satellite communications systems :
|b systems, techniques, and technology /
|c Gérard Maral, Michel Bousquet.
|
| 250 |
|
|
|a 3rd ed.
|
| 260 |
|
|
|a Chichester ;
|a New York :
|b Wiley,
|c c1998.
|
| 300 |
|
|
|a xxi, 733p. :
|b ill., maps ;
|c 26 cm.
|
| 490 |
|
0 |
|a Wiley series in communication and distributed systems
|
| 504 |
|
|
|a Includes bibliographical references and index.
|
| 541 |
1 |
|
|e 00011339
|
| 650 |
|
0 |
|a Artificial satellites in telecommunication.
|
| 700 |
1 |
|
|a Bousquet, Michel.
|
| 852 |
4 |
|
|a Ayesha Abed Library
|j General shelf
|
| 999 |
|
|
|c 1204
|d 1204
|
| 952 |
|
|
|0 0
|1 0
|2 ddc
|4 0
|6 621_382500000000000_MAR_1998
|7 0
|9 1090
|a BRACUL
|b BRACUL
|c GEN
|d 2009-06-24
|g 0.00
|l 1
|m 10
|o 621.3825 MAR
|p 3010011339
|r 2017-07-15
|s 2014-01-21
|t 1
|w 2009-06-24
|y BK
|x No price found in the accession register.
|